000 00952nam a22002297a 4500
999 _c1832
_d1832
003 AR-CdUCM
008 190228b ||||| |||| 00| 0 spa d
040 _aMUNICIPALIDAD PROVINCIAL DEL CUSCO
_cBIBLIOTECA MUNICIPAL DEL CUSCO
082 _21ra. ed.
_a378.1 /
_bU42
100 _aUniversidad de la Habana
_96716
245 _aLas Universidades y la Educacion de adultos /
_cUniversidad de la Habana
260 _aCuba :
_bUNESCO ,
_cS/F
300 _a200 paginas :
_c21 cm.
440 _aProblemas de la Educacion
_n4
_96717
505 _aLos servicios de extension universitaria en la gran bretaƱa por S.G Rayboud -- Extension Universitaria en el Canada, por E.A. Corbett -- La Educacion de Extension Universitaria en los Estados Unidos de America...
650 _aPedagogia.
_91560
650 _aEducacion.
_9460
650 _aEduacion Adulta.
_96718
700 _aUniversidad de la Habana
_96716
942 _2ddc
_cLIBROS
945 _artm
_d2019-02-28